Collections for young sholars

The book has been designed in the classic style to emphasize our commitment to classic literature. This book shows to teach young age in reading.

Salvato in:
Dettagli Bibliografici
Autore principale: Bereiter, Carl
Natura: Libro
Lingua:Undetermined
Pubblicazione: Chicago, Ill. Open Court Pub. Co. 1995
Soggetti:
Tags: Aggiungi Tag
Nessun Tag, puoi essere il primo ad aggiungerne! !
Thư viện lưu trữ: Trung tâm Học liệu Trường Đại học Cần Thơ
LEADER 00784nam a2200217Ia 4500
001 CTU_136202
008 210402s9999 xx 000 0 und d
020 |c 7.70 
082 |a 372.41 
082 |b C697/Vol.3-B.1 
100 |a Bereiter, Carl 
245 0 |a Collections for young sholars 
245 0 |c Carl Bereiter ... [et al.] 
260 |a Chicago, Ill. 
260 |b Open Court Pub. Co. 
260 |c 1995 
520 |a The book has been designed in the classic style to emphasize our commitment to classic literature. This book shows to teach young age in reading. 
650 |a Đọc hiểu ( Sơ cấp ),Reading ( Elementary ),Literature 
650 |x Study and teaching ( Elementary ) 
904 |i Giang 
980 |a Trung tâm Học liệu Trường Đại học Cần Thơ